Supertramp's Songs - Sudden Death - Statistiques

Statistiques générales
  • Ce quiz a été pris 25 fois
  • Le résultat moyen est 8 sur 18
Answers on the Grid
Answers color-coded by a green-red scale on the quiz's grid according to % correct below.
Give A Little Bit
She's so Heavy
The Logical Song
Crime Of The Year
Dreamer
School
Life On Mars
Don't Leave Me Now
Hello Stranger
Take The Long Way Home
It's Raining Again
Lord Is It Mine
A Last Straw
Breakfast In America
Even In The Quietest Moments
Tears In Even
Go Easy On Me
Bloody Well Right
Hell Of A Vision
From Now On
Slide Away
Teenager's Song
Last Resort
Easy Does It
Hide In Your Shell
I Me Mine
Crisis Angel
Fool's Overture
I Want More
Leave Me Now
Oh Darling
Child Of A Vision
 
Statistiques - réponses
Réponse % Correct
Give A Little Bit
83%
The Logical Song
78%
Dreamer
61%
Breakfast In America
56%
It's Raining Again
56%
School
56%
Don't Leave Me Now
44%
Even In The Quietest Moments
44%
Fool's Overture
44%
Take The Long Way Home
44%
Bloody Well Right
39%
Child Of A Vision
39%
From Now On
33%
Hide In Your Shell
33%
Lord Is It Mine
28%
Oh Darling
28%
Easy Does It
17%
Teenager's Song
11%
Aucun quiz correspondant
Distribution des résultats
% des personnes avec chaque résultat
Percentile par nombre de réponses
Votre historique - résultats
Vous n’avez pas pris ce quiz